000 00649nam a22002417a 4500
001 0074
003 DO-SdBNP
005 20180119124055.0
007 0074
008 151111b sp 1958 xxu||||| |||| 00| 0 spa d
040 _aBPMSU
_bspa
_cBPMSU
100 1 0 _aKipling, Rudyard
245 1 3 _aEl collar sagrado /
_6Rudyard Kipling ; traducción Luis Elias
246 1 0 _aThe naulahka
260 _aBarcelona, España:
_bEdiciones G. P.,
_c1958
300 _a159 p. :
_c18 cm.
490 1 0 _aAlcotan
_v31
700 1 0 _aElias, Luis,
_3tr.
830 0 0 _aAlcotan
_n31
942 _2ddc
_cBK
945 _aInventariado, 2018/MFF
956 _aBrenda Tavárez
999 _c8632
_d8632